000 00916nam a22003377a 4500
001 BR9509012
003 BR-BrBNA
005 20230928094752.0
007 ta
008 230509b bl.||||| |||| 00| 0 por d
040 _aBR-BrBNA
_bpor
_cBiblioteca Nacional de Agricultura
041 _a(Por)
072 _aF30; F04; H20
_b0336
090 _ 0336 BR9509012
110 1 _aCentro Nacional de Pesquisa de Soja, Londrina, PR (Brasil)
_91793
245 1 _aResultados de pesquisa de soja 1983/84
260 3 _aLondrina, PR (Brasil):
_c1984.
300 _a357 p.
500 _a279 tables; 63 illus.
650 _aSoja
650 _aSemente
650 _aVariedade
650 _aErva Daninha
650 _aControle de Qualidade
650 _aControle Quimico
650 _aAdubacao
650 _aPraga de Planta
650 _aDoenca de Planta
909 _a202309
_bLucia
_c55
_dLucia Elande
942 _cBK
999 _c52533
_d52533